000 00779nam a2200241Ia 4500
003 OSt
005 20220927110437.0
006 a|||||r|||| 00| 0
007 ta
008 220926b |||||||| |||| 00| 0 eng d
024 _a76191
037 _cReports
040 _aRTL
_cRTL
_beng
041 _2eng
_aeng
082 _a"X723.25214.M80t, B5"
110 _a"North-West Province And Oudh, Revenue (Board of -)"
_9378302
245 0 _aReport on the revision of records and settlement in Ghazipur District
260 _aLucknow
_bGovt Printing India
_c1885
650 _aLand Taxation
700 _a"North-West Province And Oudh, Revenue (Board of -)"
_9378303
942 _h"X723.25214.M80t, B5"
_cCC
999 _c696723
_d696723